=LDR 00000nam 2200000 4500 =001 INLIS000000000034309 =005 20130612140224 =008 ***********************************ind** =035 ##$$0010-061300000034309 =041 ##$$a ind =082 ##$$a 813 =090 ##$$a 813, Bar,m =100 ##$$a Barmawi, Tria =245 ##$$a A.Massage Of Love, Cinta,Patah Hati dan Sebuah Persahabatan, Tria Barmawi; Penyunting, Azzura Dayana =260 ##$$a 2010 $b Jakarta =300 ##$$a v,357 hlm., 20 cm =650 ##$$a Fiksi Indonesia =700 ##$$a Dayana, Azzuna =850 ##$$a NBPNMAT